[Event "Championnat de France - Accession"]
[Site "Nîmes"]
[Date "2014.08.17"]
[Round "1.10"]
[White "Meunier, Clement"]
[Black "Moussard, Jules"]
[Result "0-1"]
[WhiteElo "2219"]
[BlackElo "2423"]
[PlyCount "66"]
[EventDate "2014.08.17"]
[EventType "swiss"]
[EventRounds "11"]
[EventCountry "FRA"]
[SourceDate "2014.08.18"]

1. d4 Nf6 2. c4 e6 3. Nc3 Bb4 4. e3 O-O 5. Bd3 d5 6. cxd5 exd5 7. Nge2 c6 8.
O-O Re8 9. f3 c5 10. a3 cxd4 11. Nb5 Bf8 12. Nbxd4 Nc6 13. b3 Bd7 14. Ra2 Qb6
15. Kh1 Rac8 16. g4 g6 17. Ng3 Nxd4 18. exd4 Qxd4 19. Bb2 Qf4 20. Bc1 Qd6 21.
g5 Nh5 22. Nxh5 gxh5 23. Rg1 Bg7 24. Bb1 d4 25. Rag2 Re6 26. Bf5 Re7 27. Bxd7
Qxd7 28. f4 d3 29. Qxh5 Rxc1 30. Rxc1 d2 31. Rcg1 Re1 32. g6 fxg6 33. Qa5 Rxg1+
0-1

[Event "Championnat de France - Accession"]
[Site "Nîmes"]
[Date "2014.08.21"]
[Round "5.6"]
[White "Mouhamad, Joachin"]
[Black "Buscara, Sevan"]
[Result "0-1"]
[WhiteElo "2224"]
[BlackElo "2348"]
[PlyCount "98"]
[EventDate "2014.08.17"]
[EventType "swiss"]
[EventRounds "11"]
[EventCountry "FRA"]
[SourceDate "2014.08.18"]

1. e4 g6 2. d4 Bg7 3. Nc3 d6 4. Be3 a6 5. Nf3 b5 6. Bd3 Bb7 7. O-O Nd7 8. a4 b4
9. Ne2 c5 10. c3 bxc3 11. bxc3 Qa5 12. Bd2 Ngf6 13. Ng3 O-O 14. Qc2 e5 15. d5
Rae8 16. h3 Bc8 17. Qd1 h6 18. Qc2 Kh7 19. Rfe1 Qc7 20. a5 Ng8 21. Nf1 Ndf6 22.
Reb1 Nxe4 23. Bxe4 f5 24. Rb6 fxe4 25. Qxe4 Nf6 26. Qc4 Nh5 27. Qe4 Nf4 28. Ng3
Rf6 29. Nh2 Qf7 30. Ng4 Bxg4 31. hxg4 Nxd5 32. Rxa6 Rxf2 33. Qe1 Rf4 34. Rxd6
Rxg4 35. a6 Nf4 36. a7 Rxg3 37. Bxf4 exf4 38. a8=Q Rxa8 39. Rxa8 Re3 40. Qd2
Qe7 41. Rd3 Re2 42. Qxf4 Re1+ 43. Qf1 Rxf1+ 44. Kxf1 Qe4 45. Rad8 Qc4 46. R8d7
h5 47. Ke2 Qe4+ 48. Kf2 Kh6 49. Rf3 Bxc3 0-1

[Event "Championnat de France - Accession"]
[Site "Nîmes"]
[Date "2014.08.21"]
[Round "5.7"]
[White "Meunier, Clement"]
[Black "Duboue, Peio"]
[Result "1-0"]
[WhiteElo "2219"]
[BlackElo "2272"]
[PlyCount "65"]
[EventDate "2014.08.17"]
[EventType "swiss"]
[EventRounds "11"]
[EventCountry "FRA"]
[SourceDate "2014.08.18"]

1. d4 Nf6 2. c4 e6 3. Nc3 Bb4 4. e3 O-O 5. Nge2 d5 6. a3 Be7 7. Ng3 b6 8. cxd5
Nxd5 9. Bd3 Bb7 10. O-O c5 11. Nxd5 Bxd5 12. dxc5 Bxc5 13. Qc2 h6 14. b4 Be7
15. Bb2 Nd7 16. Rad1 Bf6 17. e4 Rc8 18. Qb1 Bc6 19. e5 Be7 20. f4 Qc7 21. Qa1
Qb7 22. Rd2 g6 23. Qb1 Kh7 24. f5 exf5 25. Nxf5 gxf5 26. Bxf5+ Kg8 27. Bh7+ Kg7
28. Rxd7 Bxd7 29. e6+ f6 30. Qg6+ Kh8 31. Qxh6 Bc5+ 32. bxc5 Bxe6 33. Be4+ 1-0

[Event "Championnat de France - Accession"]
[Site "Nîmes"]
[Date "2014.08.21"]
[Round "5.9"]
[White "Mirimanian, Hayk"]
[Black "Wirig, Anthony"]
[Result "0-1"]
[WhiteElo "2260"]
[BlackElo "2506"]
[PlyCount "88"]
[EventDate "2014.08.17"]
[EventType "swiss"]
[EventRounds "11"]
[EventCountry "FRA"]
[SourceDate "2014.08.18"]

1. e4 c5 2. Nf3 d6 3. Bb5+ Nd7 4. O-O a6 5. Bxd7+ Bxd7 6. c3 Nf6 7. Re1 e6 8.
d4 cxd4 9. cxd4 d5 10. e5 Ne4 11. Nbd2 Nxd2 12. Bxd2 Qb6 13. Bc3 Be7 14. Rc1 a5
15. h4 h6 16. Nh2 Bb5 17. Qg4 g5 18. h5 Bd3 19. Qd1 Bf5 20. f3 O-O 21. Nf1 f6
22. exf6 Bxf6 23. g4 Bh7 24. Kg2 Bg7 25. Ng3 Rf4 26. Ne2 Rf7 27. Qd2 Qc7 28.
Ng3 Rf6 29. Re3 b5 30. a3 Bf8 31. Bb4 Qf7 32. Bxa5 Bd6 33. Ne2 Rf8 34. Rf1 Be4
35. Qc3 Rf4 36. Nxf4 Qxf4 37. Kf2 Qh2+ 38. Ke1 Qg2 39. Rf2 Bg3 40. Ree2 Bxf3
41. Bc7 Qg1+ 42. Kd2 Bxf2 43. Qc6 Be3+ 44. Rxe3 Qd1+ 0-1

[Event "Championnat de France 2014 - Accession"]
[Site "Nîmes"]
[Date "2014.08.23"]
[Round "6.13"]
[White "Gervasio, Ricardo"]
[Black "Houriez, Clement"]
[Result "1/2-1/2"]
[WhiteElo "2239"]
[BlackElo "2295"]
[PlyCount "120"]
[EventDate "2014.??.??"]
[SourceDate "2014.08.18"]

1. d4 Nf6 2. c4 e6 3. Nc3 Bb4 4. e3 O-O 5. Bd3 Re8 6. Nge2 d5 7. a3 Bf8 8. O-O
Nbd7 9. b4 a5 10. b5 c5 11. cxd5 exd5 12. dxc5 Nxc5 13. Nf4 Be6 14. Bb2 Bd6 15.
Nxe6 fxe6 16. Bc2 Rc8 17. f4 Qb6 18. Rf3 Nce4 19. Nxe4 dxe4 20. Rh3 Bxf4 21.
Bxf6 gxf6 22. Qg4+ Bg5 23. Bxe4 Rc3 24. Bxh7+ Kf8 25. Bg6 Rxe3 26. Kh1 Rd8 27.
Rf1 Rxh3 28. Qxg5 Qf2 29. Qc1 Qe2 30. Qf4 f5 31. Bxf5 exf5 32. Qxf5+ Ke7 33.
gxh3 Rd2 34. Qf8+ Ke6 35. Qf7+ Ke5 36. Qf6+ Kd5 37. Qf5+ Kd6 38. Qg6+ Kd5 39.
Rf5+ Kd4 40. Qg4+ Kc3 41. Qxe2 Rxe2 42. Rf4 Kd3 43. h4 Rb2 44. Rf5 Ke4 45. Rg5
Kf4 46. a4 Ra2 47. Rg7 Rxa4 48. h5 Rb4 49. Rxb7 Kg5 50. b6 a4 51. Ra7 Rxb6 52.
Rxa4 Kxh5 53. Ra3 Rc6 54. Kg2 Rb6 55. Kg3 Rc6 56. Kf4 Rc4+ 57. Kf5 Rc5+ 58. Kf4
Rc4+ 59. Kf5 Rc5+ 60. Kf4 Rc4+ 1/2-1/2

[Event "Championnat de France 2014 - Accession"]
[Site "Nîmes"]
[Date "2014.08.28"]
[Round "11.6"]
[White "Veys, Vincent"]
[Black "Wirig, Anthony"]
[Result "1/2-1/2"]
[WhiteElo "2143"]
[BlackElo "2506"]
[PlyCount "100"]
[EventDate "2014.??.??"]
[SourceDate "2014.08.18"]

1. e4 c5 2. Nf3 e6 3. d4 cxd4 4. Nxd4 Nf6 5. Nc3 Nc6 6. Be2 Bb4 7. O-O Bxc3 8.
bxc3 Nxe4 9. Qd3 d5 10. Ba3 Qa5 11. Nb5 a6 12. Nd6+ Nxd6 13. Bxd6 Ne7 14. Bxe7
Kxe7 15. Qg3 g6 16. Rad1 Bd7 17. c4 Bc6 18. Qg5+ f6 19. Qh6 Kf7 20. Bf3 Rad8
21. cxd5 Bxd5 22. Bxd5 Rxd5 23. c4 Rxd1 24. Rxd1 Qc7 25. h3 f5 26. c5 Qe7 27.
Rd6 g5 28. a4 a5 29. Kh1 Rg8 30. Qxh7+ Rg7 31. Qh5+ Kg8 32. Qh6 Kf7 33. Qh5+
Kg8 34. Qe2 Kf7 35. Qd1 Qf6 36. Qh5+ Ke7 37. Qh8 Qa1+ 38. Kh2 Qe5+ 39. Kg1 Qa1+
40. Kh2 Qe5+ 41. g3 Qxc5 42. Qd8+ Kf7 43. Kg1 Qe5 44. Qd7+ Kf6 45. Qd8+ Kf7 46.
Rd7+ Kg6 47. Qe8+ Kh6 48. Qh8+ Kg6 49. Qe8+ Kh6 50. Qh8+ Kg6 1/2-1/2

[Event "Championnat de France 2014 - Accession"]
[Site "Nîmes"]
[Date "2014.08.28"]
[Round "11.9"]
[White "Dionisi, Thomas"]
[Black "Malka, Samuel"]
[Result "1-0"]
[WhiteElo "2400"]
[BlackElo "2226"]
[PlyCount "73"]
[EventDate "2014.??.??"]
[SourceDate "2014.08.18"]

1. e4 c5 2. Nf3 d6 3. d4 cxd4 4. Nxd4 Nf6 5. Nc3 g6 6. Be3 Bg7 7. f3 Nc6 8. Qd2
O-O 9. g4 Be6 10. O-O-O Nxd4 11. Bxd4 Qa5 12. a3 Rab8 13. h4 b5 14. Nd5 Qxd2+
15. Rxd2 Bxd5 16. exd5 Nd7 17. Be2 a5 18. Bxg7 Kxg7 19. Rd4 Rfc8 20. Kd2 b4 21.
Ra1 bxa3 22. b3 Rb4 23. Re4 Nc5 24. Rc4 e6 25. Rxa3 exd5 26. Rxb4 axb4 27. Ra5
Rc7 28. Rb5 Rb7 29. Rxb7 Nxb7 30. Ke3 Kf6 31. Kd4 Ke6 32. Ba6 Nc5 33. Bc8+ Ke7
34. Kxd5 Kd8 35. Kxd6 Nxb3 36. cxb3 Kxc8 37. Kc5 1-0